000
00236nam a22000857a 4500
008
160809b xxu||||| |||| 00| 0 eng d
100
_9
94
_a
Sabir Parvez
245
_a
Concepts of Chemistry Part-I
260
_a
New Delhi
_b
Sahara Institution
_c
2015
999
_c
2748
_d
2748